|
|
|
|
| LEADER |
02117nam a22004217a 4500 |
| 001 |
33440 |
| 003 |
BD-DhAAL |
| 005 |
20190624144758.0 |
| 008 |
180718t2007 ne a b 100 0 eng d |
| 999 |
|
|
|c 39353
|d 39353
|
| 020 |
|
|
|a 9781402060113 (HB)
|
| 020 |
|
|
|a 9781402060120 (e-book)
|
| 020 |
|
|
|a 1402060122
|
| 040 |
|
|
|a GW5XE
|c GW5XE
|d GW5XE
|d BD-DhAAL
|
| 049 |
|
|
|a MYGG
|
| 050 |
1 |
4 |
|a LB2331.62
|b .Q833 2007eb
|
| 082 |
0 |
4 |
|a 378.107
|2 22
|
| 245 |
0 |
0 |
|a Quality assurance in higher education :
|b trends in regulation, translation and transformation /
|c edited by Don F. Westerheijden, Bjr̜n Stensaker, Maria Joao Rosa.
|
| 260 |
|
|
|a Dordrecht :
|b Springer,
|c c2007.
|
| 300 |
|
|
|a xii, 262 pages :
|b illustrations ;
|c 25 cm.
|
| 490 |
1 |
|
|a Higher education dynamics ;
|v v. 20
|
| 500 |
|
|
|a "Douro series"--Cover.
|
| 500 |
|
|
|a "The present volume contains the edited versions of the papers presented at the fifth Douro seminar"--P. xi.
|
| 504 |
|
|
|a Includes bibliographical references.
|
| 526 |
|
|
|a IQAC
|
| 533 |
|
|
|a Electronic reproduction.
|b New York :
|c Springer,
|d 2007.
|n Mode of access: World Wide Web.
|n System requirements: Web browser.
|n Title from title screen (viewed on Dec. 13, 2007).
|n Access may be restricted to users at subscribing institutions.
|
| 541 |
|
|
|a Trim Education
|e 33440
|
| 650 |
|
0 |
|a Education, Higher
|x Quality control
|v Congresses.
|9 27506
|
| 650 |
|
0 |
|a Education, Higher
|x Evaluation
|v Congresses.
|9 27507
|
| 650 |
|
0 |
|a Quality assurance
|v Congresses.
|9 27508
|
| 700 |
1 |
|
|a Westerheijden, Don F.
|9 27510
|
| 700 |
1 |
|
|a Stensaker, Bjr̜n.
|9 27511
|
| 700 |
1 |
|
|a Rosa, Maria Joao
|9 27512
|
| 710 |
2 |
|
|a SpringerLink (Online service)
|9 27513
|
| 830 |
|
0 |
|a Higher education dynamics ;
|v v. 20.
|9 27514
|
| 852 |
|
|
|a Ayesha Abed Library
|c General Stacks
|
| 942 |
|
|
|2 ddc
|c BK
|
| 952 |
|
|
|0 0
|1 0
|2 ddc
|4 0
|6 378_107000000000000_QUA
|7 0
|9 63659
|a BRACUL
|b BRACUL
|c GEN
|d 2018-07-10
|e Trim Education
|g 10470.00
|l 0
|o 378.107 QUA
|p 3010033440
|r 2018-07-10
|t 1
|v 10470.00
|w 2018-07-10
|y BK
|x The book was placed on a one-hour loan, but since it's not in high demand now, it has been moved to the General Stacks on 22 October 2025.
|